| 000 | 00625nas a2200217 4500 | ||
|---|---|---|---|
| 001 | BR9213533 | ||
| 003 | BR-BrBNA | ||
| 005 | 20231205095150.0 | ||
| 007 | ta | ||
| 008 | 230509b bl.|||p| |||| 00| 00por d | ||
| 040 |
_aBR-BrBNA _bpor _cBiblioteca Nacional de Agricultura |
||
| 041 | _a(Pt) | ||
| 072 | _aK10 | ||
| 100 | 1 | _aAnon. | |
| 245 | 1 | _aA politica de reflorestamento do setor | |
| 650 | _aPolitica Florestal | ||
| 650 | _aReflorestamento | ||
| 773 | 0 |
_tCelulose e Papel (Brazil) _xISSN 0102-5279 _g(Nov-Dec 1991), v. 8(36) p. 14-16 _wBR9213533 |
|
| 909 |
_a202311 _bLúcia _c55 _dLúcia Elande |
||
| 942 |
_2AGRIS _n0 _cANA |
||
| 999 |
_c149012 _d149012 |
||